书目信息 |
| 题名: |
契丹史略
|
|
| 作者: | 张天明 著 | |
| 分册: | ||
| 出版信息: | 北京 中华书局 1979.8 |
|
| 页数: | 218页 | |
| 开本: | 20cm | |
| 丛书名: | ||
| 单 册: | ||
| 中图分类: | K246.1 | |
| 科图分类: | ||
| 主题词: | 中国--历史 | |
| 电子资源: | ||
| ISBN: | ||
| 000 | 00499nam0 2200193 45 | |
| 001 | 0312221749 | |
| 005 | 20060818084451.54 | |
| 010 | @dCNY0.82 | |
| 091 | @a11018.514 | |
| 100 | @a20031222d1979 km y0chiy0120 ea | |
| 101 | @achi | |
| 200 | 1 | @a契丹史略@AQi Dan Shi Lue@f张天明著@FZhang Tian Ming Zhu |
| 210 | @a北京@c中华书局@d1979.8 | |
| 215 | @a218页@d20cm | |
| 606 | 0 | @a中国@x历史 |
| 690 | @aK246.1@v3 | |
| 701 | 0 | @a张天明@4著 |
| 801 | @aCN@bTSTCL@c20060818 | |
| 905 | @dK246.1@e15@f3@b214895-897 | |
| 契丹史略/张天明著.-北京:中华书局,1979.8 |
| 218页;20cm |
| ISBN :CNY0.82 |
| ● |
| 相关链接 |
|
|
|
|
正题名:契丹史略
索取号:K246.1/15
 
预约/预借
| 序号 | 登录号 | 条形码 | 馆藏地/架位号 | 状态 | 备注 |
| 1 | 0214895 | 000644510 | 第二借阅区/ [索取号:K246.1/15] | 在馆 | |
| 2 | 0214896 | 000644501 | 第二借阅区/ [索取号:K246.1/15] | 在馆 | |
| 3 | 0214897 | 000644495 | 第二借阅区/ [索取号:K246.1/15] | 在馆 | |
| 4 | 0214898 | 000644529 | 第二样本阅览室/ [索取号:K246.1/15] | 在馆 | |
| 5 | 0436632 | 204366328 | 密集书库/ [索取号:K246.1/15] | 在馆 | |
| 6 | 0466441 | 204664416 | 密集书库/ [索取号:K246.1/15] | 在馆 |